000 00387nam a2200157Ia 4500
008 230524s9999 xx 000 0 und d
082 _a621.382
_bRAM
100 _aA Ramakalyan
245 0 _aLinear Circuts : Analysis & Synthesis
250 _a3RD
260 _aNEW DELHI
_bOxford
_c2008
300 _aXII;635
500 _aQuantity Number: 5
650 _aElectronics
942 _cBK
999 _c43614
_d43614